logo

Bir Sreshtho Munshi Abdur Rouf Library
Jhenaidah Cadet College

Who's On Time ? / (Record no. 6964)

MARC details
000 -LEADER
fixed length control field 00593nam a2200229 a 4500
001 - CONTROL NUMBER
JCCL Control Number 6964
003 - CONTROL NUMBER IDENTIFIER
JCCL marc code BD-JhCC
005 - DATE AND TIME OF LATEST TRANSACTION
control field 20180218085927.0
008 - FIXED-LENGTH DATA ELEMENTS--GENERAL INFORMATION
fixed length control field 180203s1980 n |||| || | 001 0 eng d
020 ## - INTERNATIONAL STANDARD BOOK NUMBER
International Standard Book Number 0379206846
035 ## - SYSTEM CONTROL NUMBER
system control number (BD-JhCC)6964
040 ## - CATALOGING SOURCE
Original cataloging agency BD-JhCC
Modifying agency BD-JhCC
041 ## - LANGUAGE CODE
Language code of Book eng
082 ## - DEWEY DECIMAL CLASSIFICATION NUMBER
Classification number 920.00904
Author mark and Year LEH 1980
100 ## - MAIN ENTRY--PERSONAL NAME
Personal name Lehnus, Donald J.
245 ## - TITLE STATEMENT
Title Who's On Time ? /
Statement of responsibility, etc Donald J. Lehnus,
260 ## - PUBLICATION, DISTRIBUTION, ETC. (IMPRINT)
Place of publication, distribution, etc New York :
Name of publisher, distributor, etc Oceana Publications, Inc.
Date of publication, distribution, etc 1980
300 ## - PHYSICAL DESCRIPTION
Pagination 177 p. :
Dimensions 24 cm.
650 ## - SUBJECT ADDED ENTRY--TOPICAL TERM
Topical term or geographic name as entry element Magazine Covers
Geographic subdivision United States
942 ## - ADDED ENTRY ELEMENTS (KOHA)
Source of classification or shelving scheme Dewey Decimal Classification
Koha item type Books
Holdings
Source of classification or shelving scheme Damaged status Not for loan Home library Current library Shelving location Date of accession Total Checkouts Full call number Barcode Date last seen Copy number Koha item type
Dewey Decimal Classification     JCC Rouf Library JCC Rouf Library General Stacks 02/03/2018   920.00904 LEH 1980 8609 02/03/2018 C-1 Books

JCC Library | Contacts | JCC Home

Last Update on 23 September 2017
Copyright @ 2017-2020 JCC Rouf Library
Rouf Library, Jhenidah Cadet College (JCC), Bangladesh